Foucault and feminism :power, gender, and the self / (Record no. 3699)

000 -LEADER
fixed length control field 01009cam a2200301 a 4500
001 - CONTROL NUMBER
control field 3450447
003 - CONTROL NUMBER IDENTIFIER
control field OSt
005 - DATE AND TIME OF LATEST TRANSACTION
control field 20161101123048.0
008 - FIXED-LENGTH DATA ELEMENTS--GENERAL INFORMATION
fixed length control field 920717r19931992mau b 001 0 eng
010 ## - LIBRARY OF CONGRESS CONTROL NUMBER
LC control number 92027536
020 ## - INTERNATIONAL STANDARD BOOK NUMBER
International Standard Book Number 9780745609393
040 ## - CATALOGING SOURCE
Original cataloging agency DLC
Transcribing agency DLC
Modifying agency DLC
-- OCoLC
-- DLC
050 00 - LIBRARY OF CONGRESS CALL NUMBER
Classification number HQ1190.M39 1992
082 00 - DEWEY DECIMAL CLASSIFICATION NUMBER
Classification number 305.42/01
Edition number 20
100 1# - MAIN ENTRY--PERSONAL NAME
Personal name McNay, Lois.
245 10 - TITLE STATEMENT
Title Foucault and feminism :power, gender, and the self /
Statement of responsibility, etc Lois McNay.
260 ## - PUBLICATION, DISTRIBUTION, ETC. (IMPRINT)
Place of publication, distribution, etc Cambridge :
Name of publisher, distributor, etc polity Press,
Date of publication, distribution, etc 1992.
300 ## - PHYSICAL DESCRIPTION
Extent 217 p. ;
Dimensions 24 cm.
500 ## - GENERAL NOTE
General note Originally published: Cambridge, England : Polity Press, 1992.
504 ## - BIBLIOGRAPHY, ETC. NOTE
Bibliography, etc Includes bibliographical references (p. [203]-213) and index.
650 #0 - SUBJECT ADDED ENTRY--TOPICAL TERM
Topical term or geographic name as entry element Feminist theory.
650 #0 - SUBJECT ADDED ENTRY--TOPICAL TERM
Topical term or geographic name as entry element Sex role.
650 #0 - SUBJECT ADDED ENTRY--TOPICAL TERM
Topical term or geographic name as entry element Power (Social sciences)
650 #0 - SUBJECT ADDED ENTRY--TOPICAL TERM
Topical term or geographic name as entry element Self.
906 ## - LOCAL DATA ELEMENT F, LDF (RLIN)
a 7
b cbc
c orignew
d 1
e ocip
f 19
g y-gencatlg
942 ## - ADDED ENTRY ELEMENTS (KOHA)
Source of classification or shelving scheme
Koha item type Book
Holdings
Withdrawn status Lost status Source of classification or shelving scheme Damaged status Not for loan Home library Current library Shelving location Date acquired Total Checkouts Full call number Barcode Date last seen Copy number Price effective from Koha item type
          Riara University Library Riara University Library General stack 09/11/2016   HQ1190.M39 1993 8864/16 09/11/2016 C.1 09/11/2016 Book

Riara University Library,
P.O. Box 49940-00100,
Nairobi, Kenya.